000 00410nam a2200169Ia 4500
001 19400
003 GE_BSU
008 181216s||||||||xx |||||||||||||| ||und||
040 _cGE_BSU
245 _aLe Point №2307. 24 novembre 2016.
260 _aPariz
260 _c2016
300 _a98p.26cm.ill.
653 _aLe Point. №2307. 24 novembre 2016.
653 _aპერიოდიკა
942 _cCR
999 _c52380
_d52380